01009 2200373 4500001002100000005001500021035002000036007000300056040001700059100002700076245004300103250001100146300003700157504002900194020001800223041000800241082001000249084001600259090002000275264003900295336002100334337003000355338002300385650002800408850001000436008004100446700002700487500002600514990001800540990002300558990002200581990001600603990001600619INLIS00000000000497420260515114629 a0010-0222000064ta aSBPUPADbind0 aBadri YatimePengarang1 aSejarah Peradaban Islam /cBadri Yatim aCet.13 axiv, 338 hal. :billus. ;c21 cm abibliografi, hlm 325-332 a978-421-337-3 aind a2x9.6 a2x9.6 BAD s a302.2 ANW K 7-4 a.--Jakarta :bRajawali Pers,c2013 2rdacontentaTeks 2rdamediaaTanpa Perantara 2rdacarrieraVolume 4aSejarah Peradaban Islam aPUPAD260515 0  aBadri YatimePengarang aGlossary, hlm 333-338 a14209/BR/2014 a0726/Br/Arpus/2006 a0706/Br/KAPD/2006 a14209/BR/14 a14212/BR/14